Varakalum Varnangalum (Record no. 98281)

MARC details
000 -LEADER
fixed length control field 00396nam a2200133Ia 4500
008 - FIXED-LENGTH DATA ELEMENTS--GENERAL INFORMATION
fixed length control field 211118s9999||||xx |||||||||||||| ||und||
082 ## - DEWEY DECIMAL CLASSIFICATION NUMBER
Classification number 894.812 4
Item number APP-V
100 ## - MAIN ENTRY--PERSONAL NAME
Personal name Appan, K P
245 #0 - TITLE STATEMENT
Title Varakalum Varnangalum
260 ## - PUBLICATION, DISTRIBUTION, ETC.
Name of publisher, distributor, etc. Olive Publications
Place of publication, distribution, etc. Kozhikode
Date of publication, distribution, etc. 1992
630 ## - SUBJECT ADDED ENTRY--UNIFORM TITLE
General subdivision General Stack
650 ## - SUBJECT ADDED ENTRY--TOPICAL TERM
Topical term or geographic name entry element Malayalam Literature
942 ## - ADDED ENTRY ELEMENTS (KOHA)
Koha item type BOOK
650 ## - SUBJECT ADDED ENTRY--TOPICAL TERM
Form subdivision altaic,uralic,hyperborean and dravidianMalayalam
Holdings
Withdrawn status Lost status Source of classification or shelving scheme Damaged status Not for loan Home library Current library Date acquired Cost, normal purchase price Full call number Barcode Shelving location Date last seen Price effective from Koha item type
    Dewey Decimal Classification     SB LIBRARY SB LIBRARY 18/11/2021 75.00 894.8124 APP-V 00103674 GENERAL STACK 18/11/2021 18/11/2021 BOOK

Powered by Koha